000 00911nam a22002777a 4500
001 000307
003 DO-SdBNP
005 20230330103527.0
007 000307
008 160623b 2006 sp xxu||||| |||| 00| 0 spa d
020 _a8420470260
040 _aBPMSU
_bspa
_cBPMSU
082 4 _a863.3
_bR696b 2006
_222
100 1 _aRodríguez Bravo, Juan Luis
245 1 3 _aEl Buscón /
_cFrancisco de Quevedo ; prólogo de Benjamín Prado ; estudio y notas de Juan Luis Rodríguez Bravo.
260 _aMadrid :
_bAlfaguara,
_c2006.
300 _a225 p. ;
_c20 cm.
490 0 _aRoja (Alfaguara)
590 _6Inventariado, 20223/VM
600 1 4 _aQuevedo, Francisco de,
_d1580-1645.
_vCrítica e interpretación
650 4 _aNovela española
650 4 _aLiteratura española
700 1 _aPrado, Benjamín,
_epról.
910 _aLOPEREZ/ VMateo V. Control de calidad (BPMSU)
942 _2ddc
_cBK
999 _c10541
_d10541